[Event "TUR-ch Youth"]
[Site "Denizli"]
[Date "2022.05.24"]
[Round "1"]
[White "Ilkimen, Mehmet Emre"]
[Black "Yalcin, Mehmet Emin"]
[Result "1-0"]
[WhiteElo "1904"]
[BlackElo "1378"]
[PlyCount "85"]
[EventDate "2022.05.24"]
[EventType "swiss"]
[EventRounds "9"]
[EventCountry "TUR"]
[SourceTitle "EXT 2023"]
[Source "ChessBase"]
[SourceDate "2022.10.05"]
[SourceVersion "1"]
[SourceVersionDate "2022.10.05"]
[SourceQuality "1"]

1. d4 Nf6 2. c3 d5 3. Nf3 Bf5 4. Qb3 b6 5. Bf4 e6 6. e3 Bd6 7. Ne5 0-0 8. Nd2 Bxe5 9. Bxe5 Nbd7 10. Bg3 c5 11. Ba6 c4 12. Qa3 Bd3 13. Bb7 Re8 14. Bxa8 Qxa8 15. f3 e5 16. Kf2 e4 17. Rhe1 Nh5 18. Qd6 Qb7 19. Qc7 Qxc7 20. Bxc7 f5 21. f4 Nhf6 22. h3 h5 23. Rg1 Kf7 24. Nf1 g6 25. Nh2 Rh8 26. g3 Ne8 27. Be5 Nxe5 28. dxe5 Nc7 29. Rg2 Ne6 30. g4 Ng7 31. Rag1 Rh6 32. gxf5 Nxf5 33. Rg5 Nh4 34. Ke1 a6 35. Kd2 b5 36. b4 Rh8 37. a4 Ra8 38. Ra1 Nf3+ 39. Nxf3 exf3 40. Ke1 bxa4 41. Rxa4 Ke6 42. Kf2 Be4 43. Rg1 1-0